Score 0/22 Timer 04:00
12 Plays Today
Hint Harry Potter Characters % Correct
Helped arrange the protection of the Philosopher's Stone at HogwartsAlbus Dumbledore (the mirror)
91.7%
Taught DADA during Harry Potter's years in schoolRemus Lupin
90.4%
Known to have a deer (doe or stag) patronusHarry Potter
88.9%
Taught DADA during Harry Potter's years in schoolQuirinus Quirrell
87.3%
Helped arrange the protection of the Philosopher's Stone at HogwartsQuirinus Quirrell (the troll)
87.3%
Known to have a deer (doe or stag) patronusLily Potter
86.8%
Taught DADA during Harry Potter's years in schoolGilderoy Lockhart
86.6%
Known to have a deer (doe or stag) patronusJames Potter
86%
Helped arrange the protection of the Philosopher's Stone at HogwartsMinerva McGonagall (the chess board)
85.4%
Taught DADA during Harry Potter's years in schoolDolores Umbridge
85.3%
Taught DADA during Harry Potter's years in schoolBartemius Crouch Jr
84.8%
Hint Harry Potter Characters % Correct
Helped arrange the protection of the Philosopher's Stone at HogwartsRubeus Hagrid (Fluffy)
83.1%
Helped arrange the protection of the Philosopher's Stone at HogwartsFilius Flitwick (the keys)
75.6%
Helped arrange the protection of the Philosopher's Stone at HogwartsPomona Sprout (the Devil's Snare)
71.2%
Have a first name that both begins and ends with 'S'Sirius Black
61%
Was seen at Spinner's End during the booksBellatrix Lestrange
54.1%
Initials are S.S.Salazar Slytherin
50%
Was seen at Spinner's End during the booksNarcissa Malfoy
49.4%
Have a first name that both begins and ends with 'S'Seamus Finnigan
47.4%
Was seen at Spinner's End during the booksPeter Pettigrew
42.2%
Initials are S.S.Stan Shunpike
20.2%
Have a first name that both begins and ends with 'S'Sturgis Podmore
9.1%
Remove Ads.
Support Sporcle.
Get the best of Sporcle when you Go Orange. This ad-free experience offers more features, more stats, and more fun while also helping to support Sporcle. Thank you for becoming a member.

You're not logged in!

Compare scores with friends on all Sporcle quizzes.
OR
Log In

Show Comments

Extras

Top Quizzes Today


Score Distribution

Your Account Isn't Verified!

In order to create a playlist on Sporcle, you need to verify the email address you used during registration. Go to your Sporcle Settings to finish the process.

Report this User

Report this user for behavior that violates our Community Guidelines.

Details: